<?xml version="1.0" encoding="UTF-8"?><?xml-stylesheet type="text/xsl" href="static/style.xsl"?><OAI-PMH xmlns="http://www.openarchives.org/OAI/2.0/" xmlns:xsi="http://www.w3.org/2001/XMLSchema-instance" xsi:schemaLocation="http://www.openarchives.org/OAI/2.0/ http://www.openarchives.org/OAI/2.0/OAI-PMH.xsd"><responseDate>2026-06-02T15:21:11Z</responseDate><request verb="GetRecord" identifier="oai:riuma.uma.es:10630/32728" metadataPrefix="marc">https://riuma.uma.es/rest/oai/request</request><GetRecord><record><header><identifier>oai:riuma.uma.es:10630/32728</identifier><datestamp>2026-02-03T10:58:53Z</datestamp><setSpec>com_10630_2254</setSpec><setSpec>col_10630_37953</setSpec></header><metadata><record xmlns="http://www.loc.gov/MARC21/slim" xmlns:dcterms="http://purl.org/dc/terms/" xmlns:doc="http://www.lyncode.com/xoai" xmlns:xsi="http://www.w3.org/2001/XMLSchema-instance" xsi:schemaLocation="http://www.loc.gov/MARC21/slim http://www.loc.gov/standards/marcxml/schema/MARC21slim.xsd">
   <leader>00925njm 22002777a 4500</leader>
   <datafield ind2=" " ind1=" " tag="042">
      <subfield code="a">dc</subfield>
   </datafield>
   <datafield ind2=" " ind1=" " tag="720">
      <subfield code="a">Caballero-Sánchez, Paula María</subfield>
      <subfield code="e">author</subfield>
   </datafield>
   <datafield ind2=" " ind1=" " tag="260">
      <subfield code="c">2018</subfield>
   </datafield>
   <datafield ind2=" " ind1=" " tag="520">
      <subfield code="a">El objetivo fundamental de este artículo es presentar la identificación de Nicolás Múrmuris como copista principal del manuscrito astrológico Firenze, Biblioteca Laurenziana Plut. 28.33. Se aborda, además, el estudio paleográfico y codicológico del códice, que ha permitido identificar la escritura del denominado “Scribe X”, y se localiza y data la copia en Venecia, en el año 1542.</subfield>
   </datafield>
   <datafield ind1="8" ind2=" " tag="024">
      <subfield code="a">MHNH. Revista Internacional De Investigación Sobre Magia Y Astrología Antiguas, (18), 87–100.</subfield>
   </datafield>
   <datafield ind1="8" ind2=" " tag="024">
      <subfield code="a">https://hdl.handle.net/10630/32728</subfield>
   </datafield>
   <datafield ind1="8" ind2=" " tag="024">
      <subfield code="a">https://doi.org/10.24310/mhnh.vi18.15775</subfield>
   </datafield>
   <datafield tag="653" ind2=" " ind1=" ">
      <subfield code="a">Astrología griega</subfield>
   </datafield>
   <datafield tag="653" ind2=" " ind1=" ">
      <subfield code="a">Múrmuris, Nikolaos, copista</subfield>
   </datafield>
   <datafield ind2="0" ind1="0" tag="245">
      <subfield code="a">Nicolás Múrmuris, copista del manuscrito astrológico Laur. Plut. 28.33</subfield>
   </datafield>
</record>
</metadata></record></GetRecord></OAI-PMH>